Sushaasan aur vikas: granth suchi (Record no. 117315)

000 -LEADER
fixed length control field 00429pab a2200169 454500
008 - FIXED-LENGTH DATA ELEMENTS--GENERAL INFORMATION
fixed length control field 180718b2017 xxu||||| |||| 00| 0 eng d
100 ## - MAIN ENTRY--PERSONAL NAME
Personal name Yadav, Hukum Chand
245 ## - TITLE STATEMENT
Title Sushaasan aur vikas: granth suchi
260 ## - PUBLICATION, DISTRIBUTION, ETC.
Date of publication, distribution, etc. 2017
300 ## - PHYSICAL DESCRIPTION
Extent p.309-328.
362 ## - DATES OF PUBLICATION AND/OR SEQUENTIAL DESIGNATION
Dates of publication and/or sequential designation Jul-Dec
650 ## - SUBJECT ADDED ENTRY--TOPICAL TERM
Topical term or geographic name entry element Good governance - Bibliography
650 ## - SUBJECT ADDED ENTRY--TOPICAL TERM
Topical term or geographic name entry element Good governance
700 ## - ADDED ENTRY--PERSONAL NAME
Personal name Gautam, Sunita
773 ## - HOST ITEM ENTRY
Main entry heading Lok Prashasan
909 ## -
-- 117321
Holdings
Withdrawn status Lost status Damaged status Not for loan Permanent Location Current Location Date acquired Serial Enumeration / chronology Barcode Date last seen Price effective from Koha item type
        Indian Institute of Public Administration Indian Institute of Public Administration 2018-07-19 Volume no: 9, Issue no: 2 AR117781 2018-07-19 2018-07-19 Articles

Powered by Koha